Traduction en Anglais - Thème Anatomie - Statistiques

Statistiques générales
  • Ce quiz a été pris 149 fois
  • Le résultat moyen est 51 sur 148
Statistiques - réponses
Français Anglais % Correct
ADN DNA
87%
Bouche Mouth
75%
Cheveux Hair
74%
Cœur Heart
73%
Bras Arm
71%
Main Hand
69%
Dos Back
68%
Corps Body
68%
Cerveau Brain
68%
Œil Eye
68%
Abdomen Abdomen
65%
Face Face
65%
Doigt Finger
65%
Jambes Legs
65%
Muscle Muscle
64%
Nez Nose
64%
Peau Skin
64%
Os Bone
62%
Pied Foot
62%
Genou Knee
62%
Lèvre Lip
62%
Cou Neck
62%
Sang Blood
61%
Épaule Shoulder
61%
Dent Tooth
61%
Cellule Cell
60%
Estomac Stomach
60%
Biceps Biceps
58%
Oreille Ear
58%
Ongle Nail
58%
Langue Tongue
57%
Anus Anus
55%
Barbe Beard
55%
Tête Head
55%
Pénis Penis
52%
Larme Tear
51%
Cheville Ankle
49%
Menton Chin
48%
Clitoris Clitoris
48%
Fémur Femur
48%
Vagin Vagina
48%
Nerf Nerve
47%
Pouce Thumb
47%
Fesse Buttock
45%
Joue Cheek
45%
Sourcils Eyebrow
45%
Hanche Hip
45%
Gorge Throat
45%
Doigt de pied / Orteil Toe
45%
Utérus Uterus
45%
Poitrine Chest
44%
Poumon Lung
44%
Triceps Triceps
44%
Rectum Rectum
43%
Poignet Wrist
43%
Ventre Belly
42%
Coccyx Coccyx
42%
Coude Elbow
42%
Neurone Neuron
42%
Foie Liver
39%
Pancréas Pancreas
39%
Front Forehead
38%
Squelette Skeleton
38%
Aisselle Armpit
36%
Larynx Larynx
36%
Prostate Prostate
36%
Avant-bras Forearm
35%
Cuisse Thigh
35%
Adducteurs Adductors
34%
Crâne Skull
34%
Cils Eyelashes
32%
Poing Fist
32%
Ligament Ligament
32%
Tibias Tibia
32%
Aorte Aorta
31%
Mâchoire Jaw
31%
Reins Kidneys
31%
Nombril Navel
31%
Mollet Calf
30%
Côlon Colon
30%
Paume Palm
30%
Pharynx Pharynx
30%
Colonne vertébrale Spine
30%
Moustache Moustache
29%
Ovaires Ovaries
29%
Côtes Ribs
29%
Mamelon / Têton Nipple
27%
Veines Veins
27%
Salive Saliva
26%
Transpiration Sweat
26%
Abdominaux Abdominals
25%
Paupière Eyelid
25%
Chair Flesh
25%
Pouls Pulse
25%
Rétine Retina
25%
Torse Torso
25%
Vertèbre Vertebra
23%
Artère Artery
22%
Narine Nostril
22%
Appendice Appendix
21%
Cartilage Cartilage
21%
Majeur Middle finger
21%
Cornée Cornea
19%
Talon Heel
19%
Pectoraux Pectorals
19%
Taille Waist
19%
Gencive Gum
18%
Testicules Testicles
18%
Molaires Molars
17%
Tendon Tendon
17%
Ride Wrinkle
17%
Anticorps Antibody
16%
Vessie Bladder
16%
Annulaire Ring finger
16%
Vaisseau sanguin Blood vessel
14%
Tâches de rousseurs Freckles
14%
Intestins Intestines
14%
Articulation Joint
14%
Omoplate Shoulder blade
14%
Globules blancs White cells
14%
Bas du dos Lower back
13%
Rate Spleen
13%
Tendon d'Achille Achilles tendon
12%
Clavicule Collarbone
9%
Œsophage Esophagus
9%
Membre Limb
8%
Lombaire Lumbar
8%
Bassin Pelvis
8%
Auriculaire Pinky finger
8%
Sperme Semen
8%
Vésicule biliaire Gallbladder
6%
Aine Groin
6%
Amygdale Tonsil
6%
Grain de beauté Beauty spot
5%
Côte flottante Floating rib
5%
Globules rouges Red blood cells
5%
Moelle osseuse Bone marrow
4%
Tympan Eardrum
4%
Moelle épinière Spinal cord
4%
Cervicale Cervical vertebra
3%
Index Index finger
3%
Rotule Kneecap
3%
Périnée Perineum
3%
Phalange Phalanx
3%
Intestin grêle Small intestine
3%
Plante du pied Sole of the foot
3%
Ischio-jambier Hamstring
1%
Tempe Temple
1%
Aucun quiz correspondant
Distribution des résultats
% des personnes avec chaque résultat
Percentile par nombre de réponses
Votre historique - résultats
Vous n’avez pas pris ce quiz